| 000 | 01710nam a2200361 a 4500 | ||
|---|---|---|---|
| 001 | ebr10427503 | ||
| 003 | CaPaEBR | ||
| 006 | m u | ||
| 007 | cr cn||||||||| | ||
| 008 | 100527s2010 enk sb 001 0 eng | ||
| 010 | _z 2010362859 | ||
| 020 | _z9780567070449 (hbk.) | ||
| 020 | _z0567070441 (hbk.) | ||
| 020 | _z9780567194435 (pbk.) | ||
| 020 | _z0567194434 (pbk.) | ||
| 040 |
_aCaPaEBR _cCaPaEBR |
||
| 035 | _a(OCoLC)676700277 | ||
| 050 | 1 | 4 |
_aBR118 _b.A955 2010eb |
| 082 | 0 | 4 |
_a262.001/1 _222 |
| 100 | 1 | _aAvis, Paul D. L. | |
| 245 | 1 | 0 |
_aReshaping ecumenical theology _h[electronic resource] : _bthe Church made whole? / _cPaul Avis. |
| 260 |
_aLondon ; _aNew York : _bT&T Clark, _cc2010. |
||
| 300 | _ax, 209 p. | ||
| 504 | _aIncludes bibliographical references and index. | ||
| 505 | 0 | _aThe church: unity and multiplicity -- Rethinking ecumenical theology -- New paths in ecumenical theology -- The hermeneutics of unity -- Towards a deeper reception of 'reception' -- Confessionalism or a confessing church? -- Episcopacy: focus of unity or cause of division? -- Building and breaking communion -- Ethics and communion: the new frontier in ecumenism -- Forging communion in the face of difference. | |
| 533 |
_aElectronic reproduction. _bPalo Alto, Calif. : _cebrary, _d2013. _nAvailable via World Wide Web. _nAccess may be limited to ebrary affiliated libraries. |
||
| 650 | 0 |
_aTheology _xMethodology. |
|
| 650 | 0 |
_aChurch _xUnity. |
|
| 650 | 0 | _aEcumenical movement. | |
| 655 | 7 |
_aElectronic books. _2local |
|
| 710 | 2 | _aebrary, Inc. | |
| 856 | 4 | 0 |
_uhttp://site.ebrary.com/lib/rucke/Doc?id=10427503 _zAn electronic book accessible through the World Wide Web; click to view |
| 999 |
_c144229 _d144229 |
||